[Event "Moscow Open E"]
[Site "?"]
[Date "2011.02.04"]
[Round "?"]
[White "Shavrov, Vladimir K"]
[Black "Mikheev, Stanislav"]
[Result "0-1"]
[WhiteElo "2120"]
[BlackElo "2337"]
[PlyCount "62"]
[EventDate "2011.??.??"]
[SourceTitle "OM OTB B 201907"]
[Source "Opening Master"]
[SourceDate "2019.07.06"]
[SourceVersion "2"]
[SourceVersionDate "2019.07.06"]
[SourceQuality "1"]

1. e4 c5 2. Nf3 d6 3. d4 cxd4 4. Nxd4 Nf6 5. Nc3 Nc6 6. Be2 e5 7. Nb3 h6 8. O-O
Be7 9. Be3 O-O 10. Qd2 a5 11. Rad1 a4 12. Nc1 a3 13. b3 Be6 14. g3 Nb4 15. f4
Ng4 16. Bxg4 Bxg4 17. N3e2 Qa5 18. c3 Nc6 19. Kg2 exf4 20. gxf4 Qh5 21. Kg1 Qg6
22. Ng3 Bxd1 23. Qxd1 Bh4 24. Nce2 Rfe8 25. Kh1 Rxe4 26. Qd3 Bxg3 27. Nxg3 Rxf4
28. Nf5 Rxf1+ 29. Qxf1 Re8 30. Bc1 Re6 31. Ng3 Qc2 0-1

[Event "Scarborough CC Jack Frost"]
[Site "Toronto CAN"]
[Date "2011.02.03"]
[Round "5"]
[White "Al Ganabi, Haqi"]
[Black "Picana, Andrew"]
[Result "0-1"]
[WhiteElo "1972"]
[BlackElo "2206"]
[PlyCount "95"]
[EventDate "2011.01.06"]
[EventRounds "7"]
[EventCountry "CAN"]
[SourceTitle "OM OTB B 201907"]
[Source "Opening Master"]
[SourceDate "2019.07.06"]
[SourceVersion "2"]
[SourceVersionDate "2019.07.06"]
[SourceQuality "1"]

1. e4 c5 2. Nf3 Nc6 3. d4 cxd4 4. Nxd4 Nf6 5. Nc3 d6 6. Be2 e5 7. Nb3 Be7 8.
Be3 O-O 9. O-O Be6 10. f4 a6 11. f5 Bd7 12. g4 h6 13. Qd2 b5 14. Bf3 Rc8 15.
Rad1 Re8 16. g5 hxg5 17. Bxg5 b4 18. Ne2 Nxe4 19. Bxe4 Bxg5 20. Qxd6 Qb6+ 21.
Kh1 Red8 22. Qc5 Be3 23. Qxb6 Bxb6 24. c4 bxc3 25. Nxc3 Kf8 26. Nd5 Ba7 27. Rd3
Ne7 28. f6 Nxd5 29. fxg7+ Kg8 30. Rxd5 Bb5 31. Rf5 Bb8 32. Rg5 Rxd5 33. Bxd5
Bc4 34. Be4 Bd6 35. h4 Be7 36. Rxe5 Bf6 37. Rf5 Kxg7 38. h5 Bxb2 39. Kg2 f6 40.
Rf2 Be5 41. Rd2 Kh6 42. Bg6 Be6 43. Nd4 Bg4 44. Nf5+ Kg5 45. Ne7 Rc3 46. Bd3
Bf4 47. h6 Kxh6 48. Rf2 0-1

[Event "Moscow Open E"]
[Site "?"]
[Date "2011.02.02"]
[Round "?"]
[White "Trusov, Mikhail"]
[Black "Melnikov, Egor"]
[Result "1-0"]
[WhiteElo "2140"]
[BlackElo "1972"]
[PlyCount "89"]
[EventDate "2011.??.??"]
[SourceTitle "OM OTB B 201907"]
[Source "Opening Master"]
[SourceDate "2019.07.06"]
[SourceVersion "2"]
[SourceVersionDate "2019.07.06"]
[SourceQuality "1"]

1. e4 c5 2. Nf3 Nc6 3. d4 cxd4 4. Nxd4 Nf6 5. Nc3 d6 6. Be2 e5 7. Nb3 Be7 8.
Be3 Be6 9. O-O O-O 10. Bf3 Na5 11. Nxa5 Qxa5 12. Nd5 Bxd5 13. exd5 e4 14. b4
Qb5 15. Be2 Qxd5 16. c4 Qe6 17. Bd4 Nd7 18. f3 Bf6 19. fxe4 Qxe4 20. Bxf6 Nxf6
21. Bd3 Qd4+ 22. Kh1 Qh4 23. Qf3 Rae8 24. g3 Qh6 25. Bf5 Re3 26. Qf4 Qxf4 27.
Rxf4 Rfe8 28. Rd4 R3e5 29. Rf1 d5 30. c5 Re2 31. a4 Ra2 32. Bd3 Rd2 33. Bxh7+
Kxh7 34. Rxd2 Re4 35. Rf4 Re1+ 36. Kg2 Ra1 37. a5 Kg8 38. g4 Ra4 39. g5 Ne4 40.
Rxd5 Rxb4 41. g6 Rb2+ 42. Kf3 Rd2 43. gxf7+ Kf8 44. Kxe4 Rxd5 45. Kxd5 1-0

[Event "Moscow Young GM (Women)"]
[Site "Moscow"]
[Date "2011.02.01"]
[Round "4"]
[White "Ambarcumova, Karina"]
[Black "Zawadzka, Jolanta"]
[Result "1-0"]
[WhiteElo "2332"]
[BlackElo "2371"]
[PlyCount "137"]
[EventDate "2011.01.29"]
[EventType "tourn"]
[EventRounds "9"]
[EventCountry "RUS"]
[EventCategory "7"]
[SourceTitle "OM OTB B 201907"]
[Source "Opening Master"]
[SourceDate "2019.07.06"]
[SourceVersion "2"]
[SourceVersionDate "2019.07.06"]
[SourceQuality "1"]

1. e4 c5 2. Nf3 d6 3. d4 Nf6 4. Nc3 cxd4 5. Nxd4 Nc6 6. Be2 e5 7. Nf3 h6 8. h3
Be7 9. O-O O-O 10. Re1 Be6 11. Bf1 Qa5 12. Bd2 Qd8 13. Bc1 Rc8 14. Nd5 Nb8 15.
b3 Nbd7 16. c4 Nc5 17. Nc3 a5 18. Ba3 Qb6 19. Qd2 Bd8 20. Rad1 Bc7 21. Qe3 Bb8
22. Nh4 Kh7 23. Qf3 Ng8 24. Nf5 g6 25. Ne3 Qc6 26. Ned5 Rcd8 27. Qe3 Nd7 28.
Bd3 Rfe8 29. Rc1 Nc5 30. Bb1 Bc8 31. Nb5 Kg7 32. f4 f6 33. Rf1 Rf8 34. Rcd1
Rde8 35. Bc1 Nd7 36. Qc3 a4 37. Be3 Nc5 38. f5 g5 39. b4 Nd7 40. Nbc7 b6 41. b5
Qb7 42. Nxe8+ Rxe8 43. Bc2 Ne7 44. Bxa4 Nc5 45. Bxc5 dxc5 46. Qf3 Nxd5 47. Rxd5
Qf7 48. Rfd1 Bc7 49. R1d2 Re7 50. Qd1 h5 51. Bc2 Kh6 52. a4 Bb7 53. Rd7 Bc8 54.
Rxe7 Qxe7 55. Rd5 Qf7 56. Qd2 h4 57. Bd1 Kg7 58. Be2 Qe7 59. Bh5 Kg8 60. Bg6
Kf8 61. Kf2 Kg8 62. Qd1 Kf8 63. g3 hxg3+ 64. Kxg3 Kg8 65. Rd2 Kf8 66. h4 gxh4+
67. Kh3 Kg8 68. Rg2 Kf8 69. Qh5 1-0

[Event "Tournament (open)"]
[Site "Zhukovsky (Russia)"]
[Date "2011.02.??"]
[Round "7"]
[White "Yulchiev Alimjan"]
[Black "Migur Dmitriy"]
[Result "1/2-1/2"]
[WhiteElo "1715"]
[BlackElo "1580"]
[PlyCount "73"]
[EventDate "2011.??.??"]
[EventRounds "9"]
[EventCountry "RUS"]
[SourceTitle "OM OTB B 201907"]
[Source "Opening Master"]
[SourceDate "2019.07.06"]
[SourceVersion "2"]
[SourceVersionDate "2019.07.06"]
[SourceQuality "1"]

1. e4 c5 2. Nf3 Nc6 3. d4 cxd4 4. Nxd4 Nf6 5. Nc3 d6 6. Be2 e5 7. Nb3 Be6 8.
Be3 Be7 9. h3 d5 10. exd5 Nxd5 11. Nxd5 Bxd5 12. O-O O-O 13. c3 f5 14. c4 Bf7
15. Qxd8 Raxd8 16. Rfd1 b6 17. f3 f4 18. Bf2 Rxd1+ 19. Rxd1 Rd8 20. Rxd8+ Bxd8
21. Kf1 g5 22. Nd2 Bg6 23. c5 bxc5 24. Bxc5 Bb6 25. Bxb6 axb6 26. Nc4 b5 27.
Nd6 b4 28. Bc4+ Kf8 29. Bd5 Ke7 30. Ne4 Bxe4 31. Bxe4 Kd6 32. Bxh7 Kc5 33. Ke2
Kd4 34. Kd2 Na5 35. b3 Nc6 36. Be4 Na7 37. Bd3 1/2-1/2

[Event "Brasilia Almeida Vas Memorial 2nd"]
[Site "Brasilia"]
[Date "2011.02.??"]
[Round "3"]
[White "Navarro, Tiago Cunha"]
[Black "Stamenkovic, Dragan"]
[Result "0-1"]
[WhiteElo "2215"]
[BlackElo "2370"]
[PlyCount "58"]
[EventDate "2011.02.20"]
[EventType "tourn"]
[EventRounds "9"]
[EventCountry "BRA"]
[EventCategory "4"]
[SourceTitle "OM OTB B 201907"]
[Source "Opening Master"]
[SourceDate "2019.07.06"]
[SourceVersion "2"]
[SourceVersionDate "2019.07.06"]
[SourceQuality "1"]

1. e4 c5 2. Nf3 Nc6 3. d4 cxd4 4. Nxd4 Nf6 5. Nc3 d6 6. Be2 e5 7. Nb3 Be7 8.
O-O O-O 9. Kh1 Be6 10. f4 exf4 11. Bxf4 d5 12. e5 Ne4 13. Bd3 Nc5 14. Nxc5 Bxc5
15. Qh5 g6 16. Qh6 Re8 17. Bg5 Bf8 18. Qh4 Qb8 19. Bf6 Nxe5 20. Bb5 Nc6 21.
Rad1 a6 22. Ba4 b5 23. Bb3 Ne7 24. Nxd5 Nxd5 25. Rxd5 Bxd5 26. Bxd5 Ra7 27. Bc3
b4 28. Bd4 Qd8 29. Bc6 Qxh4 0-1

[Event "Tournament (open)"]
[Site "Zhukovsky (Russia)"]
[Date "2011.02.??"]
[Round "1"]
[White "Orekhovsky, Vasily"]
[Black "Luzhetskiy, Yuri"]
[Result "1/2-1/2"]
[WhiteElo "2111"]
[BlackElo "2132"]
[PlyCount "67"]
[EventDate "2011.??.??"]
[EventRounds "9"]
[EventCountry "RUS"]
[SourceTitle "OM OTB B 201907"]
[Source "Opening Master"]
[SourceDate "2019.07.06"]
[SourceVersion "2"]
[SourceVersionDate "2019.07.06"]
[SourceQuality "1"]

1. e4 c5 2. Nf3 d6 3. d4 cxd4 4. Nxd4 Nc6 5. Nc3 Nf6 6. Be2 e5 7. Nb3 Be7 8.
O-O O-O 9. Be3 Be6 10. Bf3 a5 11. a4 Nb4 12. Bg5 Rc8 13. Rc1 h6 14. Bxf6 Bxf6
15. Bg4 Bxg4 16. Qxg4 Bg5 17. Rcd1 Nxc2 18. Rd5 b6 19. Rfd1 Rc6 20. Nb5 Be7 21.
Rxe5 dxe5 22. Rxd8 Rxd8 23. Qe2 Bb4 24. h3 Na1 25. Nxa1 Rc1+ 26. Kh2 Rxa1 27.
Qc2 Rd2 28. Qc8+ Bf8 29. Nc3 Rc1 30. Qe8 Rcc2 31. Nd5 Rxf2 32. Kg3 Rxg2+ 33.
Kf3 Rgf2+ 34. Kg3 1/2-1/2

[Event "Gibraltar Masters 9th"]
[Site "Caleta"]
[Date "2011.01.30"]
[Round "6"]
[White "Salomon, Johan"]
[Black "Freuler, Roman"]
[Result "1/2-1/2"]
[WhiteElo "1836"]
[BlackElo "2092"]
[PlyCount "111"]
[EventDate "2011.01.25"]
[EventType "swiss"]
[EventRounds "10"]
[EventCountry "ENG"]
[SourceTitle "OM OTB B 201907"]
[Source "Opening Master"]
[SourceDate "2019.07.06"]
[SourceVersion "2"]
[SourceVersionDate "2019.07.06"]
[SourceQuality "1"]

1. e4 c5 2. Nf3 d6 3. d4 cxd4 4. Nxd4 Nf6 5. Nc3 Nc6 6. Be2 e5 7. Nb3 Be7 8.
O-O O-O 9. Be3 Be6 10. Bf3 Qc7 11. Qd2 Rfd8 12. Rfd1 Rac8 13. a4 Rd7 14. a5
Bxb3 15. cxb3 Nxa5 16. Nd5 Nxb3 17. Qd3 Nxd5 18. Qxb3 Nxe3 19. Qxe3 Ra8 20.
Rxa7 Rxa7 21. Qxa7 g6 22. Qe3 Qa5 23. Rc1 Rc7 24. Rxc7 Qxc7 25. Qc3 Qd7 26. Bd1
Bd8 27. Bb3 Bb6 28. Qf3 Bd4 29. Qe2 Qe7 30. Bd5 b6 31. b3 Qg5 32. g3 Kg7 33.
Kg2 h5 34. h4 Qg4 35. Qxg4 hxg4 36. f3 gxf3+ 37. Kxf3 f5 38. g4 Kf6 39. b4
fxe4+ 40. Kxe4 Bf2 41. h5 Kg5 42. Bf7 gxh5 43. gxh5 b5 44. Be8 Be1 45. Bxb5
Kxh5 46. Bc6 Bxb4 47. Bd5 Kg4 48. Ba8 Kg3 49. Bd5 Kf2 50. Bg8 Ke2 51. Bd5 Kd2
52. Ba8 Kc3 53. Bd5 Ba3 54. Be6 Kb4 55. Bd5 Kc5 56. Ba8 1/2-1/2

[Event "Muensterland Verbandsklasse-A 1011"]
[Site "Germany"]
[Date "2011.01.29"]
[Round "6.7"]
[White "Herdering, Rajesh"]
[Black "Sindermann, Erwin"]
[Result "1-0"]
[WhiteElo "1441"]
[BlackElo "1720"]
[PlyCount "117"]
[EventDate "2010.09.18"]
[EventType "team-tourn"]
[EventRounds "9"]
[EventCountry "GER"]
[SourceTitle "OM OTB B 201907"]
[Source "Opening Master"]
[SourceDate "2019.07.06"]
[SourceVersion "2"]
[SourceVersionDate "2019.07.06"]
[SourceQuality "1"]

1. e4 c5 2. Nf3 Nc6 3. Nc3 d6 4. d4 cxd4 5. Nxd4 Nf6 6. Be2 e5 7. Nf3 Be7 8.
O-O O-O 9. b3 h6 10. Bb2 Be6 11. a3 a6 12. Qd3 Rc8 13. Rad1 Nd7 14. Nd5 Nc5 15.
Nxe7+ Nxe7 16. Qe3 Qc7 17. c4 f5 18. Nd2 fxe4 19. Nxe4 Nf5 20. Qf3 Nd4 21. Qe3
Nf5 22. Qf3 Nd4 23. Qe3 Nxe2+ 24. Qxe2 Nxb3 25. Nxd6 Bxc4 26. Nxc4 Qxc4 27.
Qxe5 Rf7 28. Rfe1 Qc5 29. Qg3 Rcf8 30. Re3 Na5 31. Rc1 Qb6 32. Be5 Nc6 33. Bd6
Rd8 34. Bf4 Qb2 35. Rce1 Rdf8 36. Re8 Rxf4 37. Qxf4 Rxe8 38. Rxe8+ Kh7 39. Qf5+
g6 40. Qf7+ Qg7 41. Qxg7+ Kxg7 42. f4 Kf7 43. Re4 Kf6 44. g4 h5 45. h3 b5 46.
Kf2 a5 47. Ke3 hxg4 48. hxg4 b4 49. Rc4 Ne7 50. Rc5 bxa3 51. Rxa5 Ke6 52. Rxa3
Nd5+ 53. Kf3 Kf6 54. Ra6+ Kf7 55. g5 Ne7 56. Ke4 Nc8 57. Ke5 Ne7 58. Ra7 Kf8
59. Ke6 1-0

[Event "Madrid-ch sf-B"]
[Site "Madrid"]
[Date "2011.01.28"]
[Round "6"]
[White "Vazquez Gonzalez, Jesus"]
[Black "Fernandez Lledo, Javier"]
[Result "1-0"]
[WhiteElo "2071"]
[BlackElo "2138"]
[PlyCount "63"]
[EventDate "2011.01.14"]
[EventType "swiss"]
[EventRounds "9"]
[EventCountry "ESP"]
[SourceTitle "OM OTB B 201907"]
[Source "Opening Master"]
[SourceDate "2019.07.06"]
[SourceVersion "2"]
[SourceVersionDate "2019.07.06"]
[SourceQuality "1"]

1. e4 c5 2. Nf3 d6 3. d4 cxd4 4. Nxd4 Nf6 5. Nc3 Nc6 6. Be2 e5 7. Nb3 Be7 8.
O-O O-O 9. Kh1 a5 10. a4 Nb4 11. f4 Be6 12. f5 Bxb3 13. cxb3 d5 14. exd5 h6 15.
Bc4 Qd7 16. Qe2 Bd6 17. Be3 Rac8 18. Rad1 Qe7 19. Bf2 Nd7 20. Ne4 f6 21. Qg4
Kh8 22. Be3 Nc2 23. Bc1 Nc5 24. Nxd6 Qxd6 25. Rf3 Rc7 26. Rh3 Rff7 27. Qg6 Ne4
28. Rf1 Qc5 29. Bxh6 Kg8 30. Bxg7 Rxg7 31. d6+ Qxc4 32. Qe8# 1-0

[Event "Belgrade Winter op"]
[Site "Belgrade"]
[Date "2011.01.27"]
[Round "6"]
[White "Andrijevic, Milan"]
[Black "Indjic, Dusan"]
[Result "1/2-1/2"]
[WhiteElo "2342"]
[BlackElo "2268"]
[PlyCount "67"]
[EventDate "2011.01.22"]
[EventType "swiss"]
[EventRounds "9"]
[EventCountry "SRB"]
[SourceTitle "OM OTB B 201907"]
[Source "Opening Master"]
[SourceDate "2019.07.06"]
[SourceVersion "2"]
[SourceVersionDate "2019.07.06"]
[SourceQuality "1"]

1. e4 c5 2. Nf3 Nc6 3. d4 cxd4 4. Nxd4 Nf6 5. Nc3 d6 6. Be2 e5 7. Nb3 Be7 8.
Be3 O-O 9. O-O Be6 10. Bf3 a5 11. Nd5 Bxd5 12. exd5 Nb4 13. c4 Nd7 14. Bd2 b6
15. Bxb4 axb4 16. Qe1 f5 17. Qxb4 Nc5 18. Nxc5 bxc5 19. Qd2 e4 20. Bd1 Bf6 21.
Bb3 Bd4 22. g3 f4 23. Kh1 e3 24. fxe3 fxe3 25. Rxf8+ Qxf8 26. Qe2 Re8 27. Bc2
Bxb2 28. Rb1 Bd4 29. Bd3 g6 30. a3 Qe7 31. a4 Kg7 32. Kg2 Qc7 33. Bc2 Re7 34.
Rf1 1/2-1/2

[Event "Belgrade Winter op (Women)"]
[Site "Belgrade"]
[Date "2011.01.27"]
[Round "6"]
[White "Milanovic, Maja"]
[Black "Tomin, Ksenija"]
[Result "1-0"]
[WhiteElo "1851"]
[BlackElo "1879"]
[PlyCount "125"]
[EventDate "2011.01.22"]
[EventType "swiss"]
[EventRounds "9"]
[EventCountry "SRB"]
[SourceTitle "OM OTB B 201907"]
[Source "Opening Master"]
[SourceDate "2019.07.06"]
[SourceVersion "2"]
[SourceVersionDate "2019.07.06"]
[SourceQuality "1"]

1. e4 c5 2. Nf3 d6 3. d4 cxd4 4. Nxd4 Nf6 5. Nc3 Nc6 6. Be2 e5 7. Nf3 h6 8. O-O
Be7 9. Re1 O-O 10. h3 Be6 11. Bf1 Rc8 12. Nd5 Nb8 13. c4 Na6 14. b3 Nc5 15.
Nxe7+ Qxe7 16. Bd3 Bd7 17. Nh2 Bc6 18. f3 Nh5 19. Be3 b6 20. b4 Ne6 21. a4 Nef4
22. Qd2 Qg5 23. Ng4 Bd7 24. Kh2 Qe7 25. a5 Be6 26. Rec1 Qb7 27. Bf1 Rfd8 28.
Qb2 Rb8 29. axb6 axb6 30. Ra3 Ra8 31. Rca1 Rxa3 32. Rxa3 Rc8 33. c5 bxc5 34. b5
Ng6 35. b6 Rb8 36. Ra6 Nf8 37. Ra5 Nd7 38. Rb5 Nxb6 39. Bd2 Qd7 40. Ra5 Qc7 41.
Rb5 Bd7 42. Rb3 Ba4 43. Rd3 c4 44. Qc1 Qe7 45. Rc3 Bb3 46. Bxh6 Na4 47. Bxg7
Nxg7 48. Qh6 Ne8 49. Rc1 Nb6 50. Qh5 Qe6 51. Nh6+ Kf8 52. Nf5 Qf6 53. g4 Rd8
54. g5 Qg6 55. Qh8+ Qg8 56. Qh6+ Ng7 57. Nxd6 Ke7 58. Qf6+ Kd7 59. Nxf7 Ra8 60.
Nxe5+ Ke8 61. Qc6+ Kf8 62. Ng6+ Kf7 63. Qf6+ 1-0

[Event "Graz-ch"]
[Site "Graz"]
[Date "2011.01.21"]
[Round "7"]
[White "Schink, Barbara"]
[Black "Schuetz, Christian"]
[Result "0-1"]
[WhiteElo "2028"]
[BlackElo "1943"]
[PlyCount "50"]
[EventDate "2011.01.07"]
[EventType "swiss"]
[EventRounds "7"]
[EventCountry "AUT"]
[SourceTitle "OM OTB B 201907"]
[Source "Opening Master"]
[SourceDate "2019.07.06"]
[SourceVersion "2"]
[SourceVersionDate "2019.07.06"]
[SourceQuality "1"]

1. e4 c5 2. Nf3 Nc6 3. d4 cxd4 4. Nxd4 Nf6 5. Nc3 d6 6. Be2 e5 7. Nf3 Be7 8.
Bg5 O-O 9. Qd2 Be6 10. O-O-O Qa5 11. Kb1 Nxe4 12. Qe3 Nxc3+ 13. Qxc3 Qxa2+ 14.
Kc1 Bxg5+ 15. Nxg5 Nd4 16. Rxd4 exd4 17. Qd3 g6 18. Qg3 h6 19. Bd3 hxg5 20. h4
Qa1+ 21. Kd2 Qxh1 22. Qxg5 Kg7 23. f4 f5 24. Be2 Rae8 25. h5 Bf7 0-1

[Event "35 No Engine Cup prel-02"]
[Site "corr LSS"]
[Date "2011.01.20"]
[Round "?"]
[White "Valdes Rodriguez, Edgar"]
[Black "Onder, Evren"]
[Result "0-1"]
[WhiteElo "1600"]
[BlackElo "1600"]
[PlyCount "84"]
[EventDate "2011.01.21"]
[SourceTitle "LSS to Dec2020"]
[Source "LSS ed TH"]
[SourceDate "2021.01.12"]
[SourceVersion "3"]
[SourceVersionDate "2021.01.12"]
[SourceQuality "1"]

1. e4 c5 2. Nf3 d6 3. d4 cxd4 4. Nxd4 Nf6 5. Nc3 Nc6 6. Be2 e5 7. Nb3 Be7 8.
O-O O-O 9. f3 Qb6+ 10. Kh1 Be6 11. Nd5 Bxd5 12. exd5 Nb4 13. c4 a5 14. Bd2 a4
15. Nc1 Na6 16. Rb1 Nc5 17. Be3 Nfd7 18. b4 axb3 19. Nxb3 Qc7 20. Nxc5 Nxc5 21.
Bxc5 Qxc5 22. Rxb7 Bg5 23. Rb5 Qe3 24. Rb3 Qa7 25. a3 Be3 26. Qd3 Bd4 27. Rfb1
g6 28. g3 Qc5 29. Kg2 Ra4 30. Rb4 Rfa8 31. Rxa4 Rxa4 32. Rb5 Qxa3 33. Rb3 Qc5
34. Qd1 Ra2 35. Kh1 Kg7 36. Rb5 Qa7 37. Rb3 Qa4 38. Rb1 Qxd1+ 39. Bxd1 f5 40.
g4 Kf6 41. h4 fxg4 42. fxg4 e4 0-1

[Event "CZE-chT1E 1011"]
[Site "Czechia"]
[Date "2011.01.16"]
[Round "6.7"]
[White "Senkyr, Martin"]
[Black "Buran, Jaroslav"]
[Result "0-1"]
[WhiteElo "2160"]
[BlackElo "2210"]
[PlyCount "68"]
[EventDate "2010.10.10"]
[EventType "team-tourn"]
[EventRounds "11"]
[EventCountry "CZE"]
[SourceTitle "OM OTB B 201907"]
[Source "Opening Master"]
[SourceDate "2019.07.06"]
[SourceVersion "2"]
[SourceVersionDate "2019.07.06"]
[SourceQuality "1"]

1. e4 c5 2. Nf3 Nc6 3. Nc3 d6 4. d4 cxd4 5. Nxd4 Nf6 6. Be2 e5 7. Nb3 Be7 8. g4
h6 9. g5 hxg5 10. Bxg5 Nxe4 11. Bxe7 Nxc3 12. Bxd8 Nxd1 13. Rxd1 Kxd8 14. Rxd6+
Kc7 15. Rd2 b6 16. f3 Bb7 17. O-O Rad8 18. c3 Ne7 19. Rxd8 Rxd8 20. Kf2 Rh8 21.
Kg1 Ng6 22. Nc1 Nf4 23. Bc4 g5 24. Nd3 Ne2+ 25. Kf2 Rxh2+ 26. Ke1 Nf4 27. Nxe5
Rxb2 28. Nxf7 Ng2+ 29. Kd1 Ne3+ 30. Kc1 Nxc4 31. Nxg5 Rxa2 32. Kb1 Rg2 33. Ne6+
Kd6 34. Re1 Na3+ 0-1

[Event "SVK-chT3 A2 1011"]
[Site "Slovakia"]
[Date "2011.01.16"]
[Round "6.1"]
[White "Gasa, Andrej"]
[Black "Kapusta, Petr"]
[Result "0-1"]
[WhiteElo "2256"]
[BlackElo "2172"]
[PlyCount "54"]
[EventDate "2010.10.17"]
[EventType "team-tourn"]
[EventRounds "11"]
[EventCountry "SVK"]
[SourceTitle "OM OTB B 201907"]
[Source "Opening Master"]
[SourceDate "2019.07.06"]
[SourceVersion "2"]
[SourceVersionDate "2019.07.06"]
[SourceQuality "1"]

1. e4 c5 2. Nf3 d6 3. d4 cxd4 4. Nxd4 Nf6 5. Nc3 Nc6 6. Be2 e5 7. Nb3 Be7 8.
O-O O-O 9. Be3 a5 10. a4 Nb4 11. f4 Be6 12. Kh1 Rc8 13. Rc1 Rxc3 14. bxc3 Na2
15. fxe5 Nxe4 16. Ra1 Naxc3 17. Qd3 dxe5 18. Qxd8 Rxd8 19. Bf3 Bxb3 20. cxb3
Rd3 21. Bb6 Bb4 22. Rac1 Nd2 23. Rf2 Nxb3 24. Rcc2 e4 25. Bg4 h5 26. Bxh5 g6
27. Be2 Nxe2 0-1

[Event "BL2-Ost 1011"]
[Site "Germany"]
[Date "2011.01.16"]
[Round "5.5"]
[White "Kyas, Juergen"]
[Black "Unzicker, Ferdinand"]
[Result "1/2-1/2"]
[WhiteElo "2244"]
[BlackElo "2330"]
[PlyCount "76"]
[EventDate "2010.10.10"]
[EventType "team-tourn"]
[EventRounds "9"]
[EventCountry "GER"]
[SourceTitle "OM OTB B 201907"]
[Source "Opening Master"]
[SourceDate "2019.07.06"]
[SourceVersion "2"]
[SourceVersionDate "2019.07.06"]
[SourceQuality "1"]

1. e4 c5 2. Nf3 Nc6 3. d4 cxd4 4. Nxd4 Nf6 5. Nc3 d6 6. Be2 e5 7. Nf3 h6 8. O-O
Be7 9. Re1 O-O 10. h3 Be6 11. Bf1 Qd7 12. Nd5 Bd8 13. c4 Nh7 14. b3 Ng5 15.
Nxg5 Bxg5 16. Bxg5 hxg5 17. Be2 Bxd5 18. cxd5 Nd4 19. Bg4 Qd8 20. Qd2 g6 21.
Rac1 Kg7 22. Re3 f6 23. Rec3 Nb5 24. Rc4 a5 25. Be6 Re8 26. Qe3 Nd4 27. Bg4 Re7
28. Qc3 Qb6 29. Rc8 Nb5 30. Qc4 Rxc8 31. Qxc8 Rc7 32. Rxc7+ Qxc7 33. Qe8 Nd4
34. Be6 Qc1+ 35. Kh2 Qf4+ 36. Kh1 Qc1+ 37. Kh2 Qf4+ 38. Kh1 Qc1+ 1/2-1/2

[Event "AUS-ch U16"]
[Site "Mooroolbark"]
[Date "2011.01.16"]
[Round "3"]
[White "Simmonds, Leteisha Simone"]
[Black "Cameron, Alistair"]
[Result "0-1"]
[WhiteElo "1483"]
[BlackElo "1827"]
[PlyCount "90"]
[EventDate "2011.01.15"]
[EventType "swiss"]
[EventRounds "9"]
[EventCountry "AUS"]
[SourceTitle "OM OTB B 201907"]
[Source "Opening Master"]
[SourceDate "2019.07.06"]
[SourceVersion "2"]
[SourceVersionDate "2019.07.06"]
[SourceQuality "1"]

1. e4 c5 2. Nf3 d6 3. d4 cxd4 4. Nxd4 Nf6 5. Nc3 Nc6 6. Be2 e5 7. Nb3 Be7 8.
Be3 O-O 9. Qd2 a6 10. O-O b5 11. f3 Bb7 12. Rfd1 Nb8 13. Bf1 Nbd7 14. Qf2 Rc8
15. Rd2 b4 16. Nd5 Nxd5 17. exd5 f5 18. Qe2 f4 19. Bf2 Rf6 20. Bh4 Rh6 21. Bxe7
Qxe7 22. Qf2 Qf7 23. Rad1 Nf6 24. Re1 Nxd5 25. Nc1 Ne3 26. Nd3 a5 27. Rxe3 fxe3
28. Qxe3 Qh5 29. h3 Rf8 30. Nf2 Rg6 31. Kh2 Qh4 32. Nh1 e4 33. g3 Qf6 34. f4
Qxb2 35. Bg2 Qc3 36. Qxc3 bxc3 37. Rd4 Re6 38. Nf2 d5 39. Rd1 g5 40. f5 Rxf5
41. Ng4 h5 42. Ne3 Rf2 43. Kg1 Rd2 44. Rf1 d4 45. Nc4 Rxc2 0-1

[Event "SN-00304"]
[Site "LSS"]
[Date "2011.01.15"]
[Round "?"]
[White "Vontina, Maria"]
[Black "Goepfert, Christian"]
[Result "1-0"]
[WhiteElo "817"]
[BlackElo "859"]
[PlyCount "33"]
[EventDate "2011.01.02"]
[SourceTitle "LSS to Dec2020"]
[Source "LSS ed TH"]
[SourceDate "2021.01.12"]
[SourceVersion "3"]
[SourceVersionDate "2021.01.12"]
[SourceQuality "1"]

1. e4 c5 2. Nf3 d6 3. d4 cxd4 4. Nxd4 Nf6 5. Nc3 Nc6 6. Be2 e5 7. Nb3 Be6 8.
O-O d5 9. exd5 Nxd5 10. Nxd5 Bxd5 11. Be3 Bxb3 12. axb3 Nd4 13. Bc4 Bc5 14. c3
Nxb3 15. Bxb3 Rc8 16. Qf3 Bxe3 17. Qxf7# 1-0

[Event "Prague op-A 10th"]
[Site "Prague"]
[Date "2011.01.10"]
[Round "4"]
[White "Denisov, Ivan"]
[Black "Mladenov, Plamen"]
[Result "1-0"]
[WhiteElo "2251"]
[BlackElo "2396"]
[PlyCount "73"]
[EventDate "2011.01.07"]
[EventType "swiss"]
[EventRounds "9"]
[EventCountry "CZE"]
[SourceTitle "OM OTB B 201907"]
[Source "Opening Master"]
[SourceDate "2019.07.06"]
[SourceVersion "2"]
[SourceVersionDate "2019.07.06"]
[SourceQuality "1"]

1. e4 c5 2. Nf3 d6 3. d4 cxd4 4. Nxd4 Nf6 5. Nc3 Nc6 6. Be2 e5 7. Nb3 Be7 8.
O-O O-O 9. Kh1 a5 10. a4 Nb4 11. f4 Be6 12. Be3 Re8 13. Bf3 exf4 14. Bxf4 d5
15. e5 Ne4 16. Nxe4 dxe4 17. Bxe4 Qb6 18. Nd4 Red8 19. Be3 Bc5 20. c3 Bxd4 21.
Bxd4 Qc7 22. cxb4 Qc4 23. Rf4 g6 24. Bxb7 Rab8 25. Rc1 Qxb4 26. Ba6 g5 27. Re4
Bf5 28. Rc4 Qb6 29. Qf1 Qxa6 30. Qxf5 Qxc4 31. Qxg5+ Kf8 32. e6 Rxd4 33. e7+
Ke8 34. Qg8+ Kd7 35. e8=Q+ Rxe8 36. Qxe8+ Kd6 37. Qe5+ 1-0

[Event "New Delhi Parsvnath op 9th"]
[Site "New Delhi"]
[Date "2011.01.10"]
[Round "4"]
[White "Thipsay, Bagyashree Sathe"]
[Black "Gupta, Abhijeet"]
[Result "0-1"]
[WhiteElo "2138"]
[BlackElo "2590"]
[PlyCount "82"]
[EventDate "2011.01.08"]
[EventType "swiss"]
[EventRounds "11"]
[EventCountry "IND"]
[SourceTitle "OM OTB B 201907"]
[Source "Opening Master"]
[SourceDate "2019.07.06"]
[SourceVersion "2"]
[SourceVersionDate "2019.07.06"]
[SourceQuality "1"]

1. e4 c5 2. Nf3 d6 3. d4 cxd4 4. Nxd4 Nf6 5. Nc3 Nc6 6. Be2 e5 7. Nf3 h6 8. O-O
Be7 9. Re1 O-O 10. h3 Be6 11. Bf1 Qd7 12. Nd5 Bd8 13. Nxf6+ Bxf6 14. c4 Bd8 15.
Be3 Ba5 16. Nd2 Ne7 17. a3 f5 18. b4 Bc7 19. f3 Rf6 20. Kh1 a6 21. Bg1 Raf8 22.
Rc1 fxe4 23. Nxe4 Rg6 24. Rc2 Nf5 25. Rd2 Qf7 26. Qe2 b5 27. cxb5 d5 28. Bh2
dxe4 29. Qxe4 axb5 30. Bxe5 Bxe5 31. Qxe5 Ng3+ 32. Kh2 Rg5 33. Qd6 Nxf1+ 34.
Rxf1 Rg6 35. Qe5 Re8 36. Qd4 Bc4 37. Rff2 Qc7+ 38. f4 Rf6 39. g3 Rfe6 40. f5
Re3 41. Qg4 R8e4 0-1